Score 0/20 Timer 03:00
2 Plays Today
Song Missing Word % Correct
Big Girls Don't _____Cry
94.7%
Girls Just Want to Have _____Fun
94.1%
_____ Eyed GirlBrown
91.6%
I _____ A GirlKissed
86.9%
Are You _____ Be My GirlGonna
84.1%
Girls & _____Boys
78%
Girl, You'll Be a _____ SoonWoman
74.3%
_____ Don't Go GirlPlease
62.2%
_____ End GirlsWest
59.1%
Girl You Know It's _____True
52.9%
Song Missing Word % Correct
_____ That GirlWho's
50.4%
_____ Girl (In the World)Only
47%
_____ A GirlJust
44.8%
_____ GirlJessie's
43.8%
Girls on _____Film
39.4%
_____ GirlsBeautiful
33%
_____ GirlIsland
12.6%
Around the _____ GirlWay
12.6%
What ____ Girls LikeThem
9.5%
_____ Girl (Dollar Bill)Sweetest
5.4%

Today's Daily Dose

Word Ladder
Silence

Get the Picture
Philly Team Facts

You're not logged in!

Compare scores with friends on all Sporcle quizzes.
OR
Log In

Sporcle TV

Today on Sporcle TV


Watch our educational content, quiz creation guides, and fun videos on Sporcle TV.

Show Comments

Extras

Top Quizzes Today


Score Distribution

Your Account Isn't Verified!

In order to create a playlist on Sporcle, you need to verify the email address you used during registration. Go to your Sporcle Settings to finish the process.

Report this User

Report this user for behavior that violates our Community Guidelines.

Details: